000 02267cam a22006374i 4500
003 PE-LiUPU
005 20250731170452.0
008 150706s2005 sp r 000 0 spa d
020 _a9781558834415
035 _a(Sirsi) i9781558834415
040 _aPE-LiUPU
_bspa
_cPE-LiUPU
_erda
049 _aPRUA
082 0 4 _a140
_bS57
_221
100 1 _aSire, James W.,
_eautor.
245 1 3 _aEl universo de al lado /
_cJames W. Sire.
264 1 _aMichigan :
_bDesafío,
_c2005.
300 _a272 páginas ;
_c23 centímetros
336 _atext
_2rdacontent
337 _aunmediated
_2rdamedia
338 _avolume
_2rdacarrier
505 0 _aUna diferencia abismal: Introducción -- Un universo lleno de la grandeza de Dios: el teísmo cristiano -- El universo, mecanismo de relojería: Deísmo -- El silencio del espacio finito: naturalismo -- El punto cero: Nihilismo -- Más allá del Nihilismo: Existencialismo -- Viaje a oriente: Monismo panteísta oriental -- El universo aparte: Nueva Era -- el horizonte desvanecido: Posmodernismo -- La vida examinada.
526 _aSEG68
526 _aSEG70
526 _aSEG69
526 _aSEG67
526 _aSEG43
526 _aP144
526 _aP143
526 _aP131
526 _aP122
526 _aP120
526 _aP117
526 _aP112
526 _aP110
526 _aP106
526 _aP101
526 _aP80
526 _aP59
526 _aP54
526 _aP35
526 _aP33
526 _aP30
541 _g001-0000520;
650 0 4 _aIdeología.
650 0 4 _aApologética.
_92321
650 0 4 _aIdeología
_xCristianismo.
650 0 4 _aIdeology.
650 0 4 _aApologetics
650 0 4 _aIdeology
_xChristianity
910 _bjv
_clch
_d20110808
942 _2ddc
_cBOOK
949 _a140 S57
_wDEWEY
_c1
_i63251
_lCCODEBUL1
_mBUL
_p14.00
_r0
_sY
_tBOOK
_u2015-7-6
_xTEOLOGIA
_PP35
_o.STAFF. Colección General
994 _aC0
_bPEPRU
596 _a1
999 _a140 S57
_wDEWEY
_c52253
_i63251
_d52253
_e2020-1-6
_f2021-11-4
_g5
_lCCODEBUL1
_mBUL
_n15
_p14.00
_q2
_r0
_sY
_tBOOK
_u2015-7-6
_xBIBLIOTECA
_PP35
_0COMPRA
_o.STAFF. Colección teología
980 _81
_gALBERTO SANCHEZ Responsable de Automatización